Normal view MARC view
  • MICROSOFT AZURE (COMPUTING PLATFORM)

Entry Topical Term

Number of records used in: 2

001 - CONTROL NUMBER

  • control field: 4928

003 - CONTROL NUMBER IDENTIFIER

  • control field: CBULib

005 - DATE AND TIME OF LATEST TRANSACTION

  • control field: 20251015071211.0

008 - FIXED-LENGTH DATA ELEMENTS

  • fixed length control field: 251015|| aca||babn | a|a d

040 ## - CATALOGING SOURCE

  • Original cataloging agency: CBULib

150 ## - HEADING--TOPICAL TERM

  • Topical term or geographic name entry element: MICROSOFT AZURE (COMPUTING PLATFORM)